Catalogo generale dei libri che trovansi vendibili nella libreria Moderna in Roma via del Corso No. 348 dicontro al Palazzo Bonaccorsi

Detalles Bibliográficos
Otros Autores: Librería Moderna, Roma
Formato: Libro
Lenguaje:Italian
Publicado: Gennajo : s.n., 1830.
Materias:
Colección:Banco de datos
Acervo:Biblioteca Palafoxiana. Colección de Pliegos Sueltos
Descripción Física:38 p. ; 4°
Tema general:Bibliografía
Notas:Daños de humedad
LEADER 00654nam a22001930004500
035 |a 2162 
041 0 |a ita 
082 0 4 |a FR/PAFX/IMPS/C082/02486 
245 1 0 |a Catalogo generale dei libri che trovansi vendibili nella libreria Moderna in Roma via del Corso No. 348 dicontro al Palazzo Bonaccorsi 
260 |a Gennajo : s.n., 1830. 
300 |a 38 p. ; 4° 
500 |a Daños de humedad 
505 0 0 |a Catálogo de publicaciones en venta de la Libreria Moderna 
650 1 0 |a Bibliografía 
700 1 |a Librería Moderna, Roma 
949 |a I02486 
942 |c PALAPLIE 
943 |g Biblioteca Palafoxiana. Colección de Pliegos Sueltos 
999 |c 1075452  |d 1075452